[Event "WA Class Championship"]
[Site "Lynnwood, WA"]
[Date "????.??.??"]
[Round "?"]
[White "Deng, Samuel"]
[Black "Mayer, Jacob"]
[Result "1/2-1/2"]
[WhiteElo "1988"]
[BlackElo "1766"]
[PlyCount "48"]
[SourceDate "2017.11.29"]
[SourceVersionDate "2017.11.29"]

1. d4 Nf6 2. c4 g6 3. Nc3 Bg7 4. Nf3 d6 5. Bg5 h6 6. Bh4 O-O 7. e3 g5 8. Bg3
Nh5 9. Bd3 Nxg3 10. hxg3 f5 11. Qc2 e5 12. dxe5 dxe5 13. O-O-O Qe8 14. e4 Na6
15. exf5 Nb4 16. Qe2 Nxd3+ 17. Rxd3 Bxf5 18. Re3 Bg4 19. Rd1 Rd8 20. Rxd8 Qxd8
21. Qe1 Re8 22. Nxe5 Bf5 23. Nf3 Rxe3 24. Qxe3 Qd3 1/2-1/2

[Event "WA Class Championship"]
[Site "Lynnwood, WA"]
[Date "????.??.??"]
[Round "6"]
[White "Du, Shuhan"]
[Black "Mayer, Jacob"]
[Result "1/2-1/2"]
[WhiteElo "1849"]
[BlackElo "1766"]
[PlyCount "122"]
[SourceDate "2017.11.29"]
[SourceVersionDate "2017.11.29"]

1. d4 Nf6 2. c4 g6 3. Nc3 Bg7 4. e4 d6 5. Nf3 O-O 6. Be2 e5 7. O-O a5 8. d5 Na6
9. Ne1 Ne8 10. Be3 f5 11. f3 f4 12. Bf2 g5 13. a3 h5 14. b4 Nf6 15. Nd3 g4 16.
b5 Nb8 17. Bh4 Qe8 18. Bxf6 Rxf6 19. fxg4 Bxg4 20. Bxg4 hxg4 21. Qxg4 Rg6 22.
Qf3 Nd7 23. Qf2 Nf6 24. h3 Rg3 25. Qc2 Qg6 26. Ne1 Rxh3 27. Rf3 Rxf3 28. Nxf3
Ng4 29. Nd1 Kf7 30. c5 Bf8 31. cxd6 Bxd6 32. Kf1 Rh8 33. Ke2 Nf6 34. Kf2 Nxe4+
35. Qxe4 Bc5+ 36. Ne3 Bxe3+ 37. Ke2 Qxe4 38. Ng5+ Kg6 39. Nxe4 Rd8 40. Rd1 Bd4
41. b6 Bxb6 42. d6 cxd6 43. Rxd6+ Rxd6 44. Nxd6 Bc5 45. Nxb7 Bxa3 46. Nxa5 Kf5
47. Nc4 Bb4 48. Nb2 e4 49. Nd1 Ba5 50. Kf1 Ke5 51. Ke2 Kd4 52. Nf2 Bc3 53. Nh3
Ke5 54. Ng5 Bb4 55. Kf1 Be7 56. Nh3 Bh4 57. Ng1 Kf5 58. Ne2 Bf6 59. Nc1 Kg4 60.
Ne2 f3 61. gxf3+ Kxf3 1/2-1/2

[Event "WA Class Championship"]
[Site "Lynnwood, WA"]
[Date "????.??.??"]
[Round "5"]
[White "Perez, Ignacio"]
[Black "Zhang, Eric"]
[Result "0-1"]
[WhiteElo "2224"]
[BlackElo "2003"]
[PlyCount "49"]
[SourceDate "2017.11.29"]
[SourceVersionDate "2017.11.29"]

1. e4 c5 2. Nf3 d6 3. d4 cxd4 4. Nxd4 Nf6 5. Nc3 a6 6. Bg5 e6 7. Qd2 b5 8. f3
Bb7 9. O-O-O Nbd7 10. g4 Be7 11. Be3 h6 12. Rg1 d5 13. g5 hxg5 14. Rxg5 g6 15.
Qg2 e5 16. Rxg6 exd4 17. Bxd4 Qc7 18. e5 fxg6 19. Qxg6+ Kd8 20. exf6 Qf4+ 21.
Kb1 Bxf6 22. Bg1 Qg5 23. Qf7 Qg8 24. Bb6+ Kc8 25. Ne4 0-1

[Event "WA Class Championship"]
[Site "Lynnwood, WA"]
[Date "????.??.??"]
[Round "5"]
[White "Mayer, Jacob"]
[Black "Casey, Braxton"]
[Result "1/2-1/2"]
[WhiteElo "1766"]
[BlackElo "1888"]
[PlyCount "33"]
[SourceDate "2017.11.29"]
[SourceVersionDate "2017.11.29"]

1. e4 e6 2. d3 c5 3. g3 Nc6 4. Bg2 g6 5. f4 Bg7 6. Nf3 Nge7 7. c3 O-O 8. Nbd2
d5 9. O-O e5 10. fxe5 Bg4 11. h3 Bxf3 12. Nxf3 dxe4 13. dxe4 Nxe5 14. Nxe5 Bxe5
15. Bf4 Nc6 16. Qxd8 Rfxd8 17. Rad1 1/2-1/2

[Event "WA Class Championship"]
[Site "Lynnwood, WA"]
[Date "????.??.??"]
[Round "?"]
[White "Taylor, Thomas"]
[Black "Bonrud, Neal"]
[Result "1/2-1/2"]
[WhiteElo "1818"]
[BlackElo "1809"]
[PlyCount "43"]
[SourceDate "2017.11.29"]
[SourceVersionDate "2017.11.29"]

1. c4 c6 2. e4 d5 3. cxd5 cxd5 4. exd5 Qxd5 5. Nc3 Qd6 6. Nf3 Nf6 7. Bc4 Bg4 8.
Qb3 Bxf3 9. Bxf7+ Kd8 10. gxf3 Nc6 11. Ne2 Ne5 12. d4 Nxf7 13. Qxf7 Qd5 14.
Qxd5+ Nxd5 15. Be3 Rc8 16. Kd2 e6 17. Rac1 Bb4+ 18. Kd3 Rxc1 19. Rxc1 Rf8 20.
f4 Bd6 21. Ke4 g6 22. a3 1/2-1/2

[Event "WA Class Championship"]
[Site "Lynnwood, WA"]
[Date "????.??.??"]
[Round "5"]
[White "Yu, Jason"]
[Black "Breckenridge, Steven"]
[Result "0-1"]
[WhiteElo "2130"]
[BlackElo "2403"]
[PlyCount "78"]
[SourceDate "2017.11.29"]
[SourceVersionDate "2017.11.29"]

1. e4 e5 2. Nf3 Nc6 3. Bc4 Nf6 4. Ng5 d5 5. exd5 Nd4 6. c3 b5 7. Bf1 Nxd5 8.
Nxf7 Kxf7 9. cxd4 exd4 10. Bxb5 Qe7+ 11. Qe2 Qxe2+ 12. Bxe2 Nf4 13. Bc4+ Be6
14. Bxe6+ Kxe6 15. g3 Nd3+ 16. Ke2 Nb4 17. Kd1 Kd5 18. a3 Nd3 19. Ke2 Nc5 20.
b4 Re8+ 21. Kd1 Nd3 22. Rf1 Kc4 23. Kc2 Re1 24. Rxe1 Nxe1+ 25. Kd1 Nd3 26. a4
Bxb4 27. Ba3 Re8 28. Kc2 Re1 29. Ra2 Ba5 30. Ra1 c5 31. Ra2 g5 32. h4 g4 33.
Ra1 h5 34. Ra2 Bc7 35. Ra1 a5 36. Ra2 Be5 37. Ra1 Bh8 38. Ra2 Nb4+ 39. Bxb4 d3#
0-1

[Event "WA Class Championship"]
[Site "Lynnwood, WA"]
[Date "????.??.??"]
[Round "5"]
[White "Toppen-Ryan, Harrison"]
[Black "Hua, Anthony"]
[Result "1-0"]
[WhiteElo "1526"]
[BlackElo "1393"]
[PlyCount "56"]
[SourceDate "2017.11.29"]
[SourceVersionDate "2017.11.29"]

1. c4 Nf6 2. g3 e6 3. Bg2 Be7 4. Nf3 O-O 5. O-O d5 6. d4 c5 7. cxd5 exd5 8. Nc3
Nc6 9. Bf4 Be6 10. Rc1 Qd7 11. dxc5 Bxc5 12. e3 Be7 13. Ne5 Nxe5 14. Bxe5 Rfd8
15. Qd2 Ng4 16. Bd4 b6 17. Rfd1 Rac8 18. h3 Nf6 19. Bxf6 Bxf6 20. Nxd5 Bxd5 21.
Rxc8 Qxc8 22. Bxd5 Qxh3 23. e4 Qg4 24. e5 Bg5 25. Qe1 Kf8 26. Kg2 Bf4 27. Qb4+
Ke8 28. Bxf7+ Kxf7 1-0

[Event "WA Class Championship"]
[Site "Lynnwood, WA"]
[Date "????.??.??"]
[Round "5"]
[White "Bragg, David"]
[Black "He, Anthony"]
[Result "0-1"]
[WhiteElo "2200"]
[BlackElo "2310"]
[PlyCount "72"]
[SourceDate "2017.11.29"]
[SourceVersionDate "2017.11.29"]

1. e4 c5 2. Nf3 Nc6 3. c4 e5 4. Nc3 d6 5. Be2 g6 6. O-O Bg7 7. d3 Nge7 8. a3
O-O 9. Rb1 h6 10. b4 b6 11. Nd5 f5 12. b5 Nb8 13. Nc3 Be6 14. h3 Nd7 15. Nh2
Nf6 16. exf5 gxf5 17. f4 Qc7 18. Bf3 e4 19. dxe4 Bxc4 20. e5 dxe5 21. Bxa8 Bxf1
22. Nd5 Nexd5 23. Bxd5+ Kh8 24. Ba2 Bxg2 25. Kxg2 Rd8 26. Qe2 Ne4 27. Rb3 c4
28. Rb4 Qb7 29. Nf3 Nc3 30. Qxc4 e4 31. Ne5 Bxe5 32. fxe5 Qg7+ 33. Kh2 Nxa2 34.
Qxa2 Rd1 35. Be3 f4 36. Qc2 Qg3# 0-1

[Event "WA Class Championship"]
[Site "Lynnwood, WA"]
[Date "????.??.??"]
[Round "5"]
[White "Whale, Nicholas"]
[Black "Deshpande, Aaryan"]
[Result "1/2-1/2"]
[WhiteElo "1862"]
[BlackElo "1943"]
[PlyCount "76"]
[SourceDate "2017.11.29"]
[SourceVersionDate "2017.11.29"]

1. e4 c6 2. d4 d5 3. exd5 cxd5 4. c4 e6 5. Nf3 Nf6 6. Nc3 Be7 7. Bd3 Nc6 8. O-O
dxc4 9. Bxc4 Nd5 10. Nxd5 exd5 11. Bb5 Bd7 12. Qb3 a6 13. Bd3 Be6 14. Bd2 Qd7
15. Bc3 b5 16. a3 O-O 17. Qc2 h6 18. Rfe1 Bd6 19. Nh4 Ne7 20. h3 Bxh3 21. gxh3
Qxh3 22. Rxe7 Bh2+ 23. Kh1 Bg3+ 24. Kg1 Qh2+ 25. Kf1 Bxh4 26. Rae1 Bxe7 27.
Rxe7 Qh1+ 28. Ke2 Rfe8 29. Re5 f6 30. Re3 Rxe3+ 31. fxe3 Qg2+ 32. Ke1 Qg1+ 33.
Ke2 Re8 34. Bd2 Qg4+ 35. Kf2 Qh4+ 36. Kg2 Qg5+ 37. Kf2 h5 38. Qc6 Qh4+ 1/2-1/2

[Event "WA Class Championship"]
[Site "Lynnwood, WA"]
[Date "????.??.??"]
[Round "5"]
[White "Pupols, Vik"]
[Black "Kalina, Chris"]
[Result "1-0"]
[WhiteElo "2200"]
[BlackElo "2004"]
[PlyCount "87"]
[SourceDate "2017.11.29"]
[SourceVersionDate "2017.11.29"]

1. d4 d5 2. c4 c6 3. Nf3 Nf6 4. Nc3 e6 5. Bg5 dxc4 6. e4 b5 7. e5 h6 8. Bh4 g5
9. exf6 gxh4 10. Ne5 Qxf6 11. Be2 Bb7 12. Bh5 Rh7 13. Bf3 Bb4 14. O-O Bxc3 15.
bxc3 Qe7 16. a4 a6 17. Re1 Qc7 18. Be4 Rg7 19. Qh5 Nd7 20. Qxh6 Rg8 21. Qxh4
Nxe5 22. dxe5 Qe7 23. Qf4 O-O-O 24. g3 Qc7 25. Qf3 Kb8 26. h4 Rd2 27. Qf4 Rd7
28. Qf3 Rd2 29. h5 Rgd8 30. h6 R2d3 31. Bxd3 cxd3 32. Qe3 c5 33. axb5 axb5 34.
f3 f5 35. Kf2 Qe7 36. h7 c4 37. Rh1 Rh8 38. Rh4 Qd7 39. Qa7+ Kc8 40. Qc5+ Kb8
41. Qd6+ Kc8 42. Qxd7+ Kxd7 43. Ke3 Kc7 44. Rh6 1-0

[Event "WA Class Championship"]
[Site "Lynnwood, WA"]
[Date "????.??.??"]
[Round "5"]
[White "Sinanan, Josh"]
[Black "Feng, Roland"]
[Result "0-1"]
[WhiteElo "2281"]
[BlackElo "2471"]
[PlyCount "84"]
[SourceDate "2017.11.29"]
[SourceVersionDate "2017.11.29"]

1. c4 e5 2. Nc3 Nf6 3. g3 Nc6 4. Bg2 Bc5 5. e3 a6 6. Nge2 h6 7. O-O O-O 8. d4
exd4 9. exd4 Ba7 10. h3 d6 11. g4 Nh7 12. Be3 f5 13. gxf5 Ne7 14. Ng3 Nxf5 15.
Nxf5 Bxf5 16. f4 c6 17. Qd2 Qd7 18. Kh2 Nf6 19. Rae1 Rae8 20. Bf2 Qf7 21. b3
Qh5 22. Bg3 Kh8 23. Rxe8 Rxe8 24. Re1 Rxe1 25. Bxe1 Bb6 26. a3 d5 27. cxd5 cxd5
28. Qe2 Qf7 29. Qe5 Be6 30. Bg3 Bc7 31. Qe3 Nh5 32. Ne2 Bd6 33. Bf3 Nxg3 34.
Kxg3 Qg6+ 35. Kh2 Qf7 36. Bg4 Bf5 37. a4 Be4 38. Bf3 g5 39. Bxe4 gxf4 40. Qf3
dxe4 41. Qxe4 f3+ 42. Ng3 f2 0-1

[Event "WA Class Championship"]
[Site "Lynnwood, WA"]
[Date "????.??.??"]
[Round "5"]
[White "Watts, Peter"]
[Black "Chen, Minda"]
[Result "1-0"]
[WhiteElo "1990"]
[BlackElo "1837"]
[PlyCount "97"]
[SourceDate "2017.11.29"]
[SourceVersionDate "2017.11.29"]

1. d4 Nf6 2. Nf3 d5 3. e3 e6 4. Bd3 Be7 5. Nbd2 Nbd7 6. b3 b6 7. Bb2 Bb7 8. Ne5
a6 9. Qf3 c5 10. Qg3 Rg8 11. Ndf3 cxd4 12. Nxf7 Bb4+ 13. c3 dxc3 14. Ba3 Qe7
15. Bxb4 Qxb4 16. Nd6+ Ke7 17. Nxb7 Qa3 18. Nd4 Rac8 19. Nc2 Qb2 20. Qd6+ Kf7
21. O-O Rb8 22. Qc7 Ke7 23. Rab1 Ne8 24. Qg3 Qxb1 25. Rxb1 Rxb7 26. Qh4+ Nef6
27. Qb4+ Kf7 28. Qxc3 Nc5 29. b4 Nxd3 30. Qxd3 Rc7 31. Nd4 Rgc8 32. h3 b5 33.
Qa3 e5 34. Nb3 Ne4 35. Qxa6 Nc3 36. Re1 Rc6 37. Qa3 Na4 38. Nc5 Nxc5 39. bxc5
Rxc5 40. Qb3 Ke7 41. Rd1 Kd6 42. f4 Re8 43. e4 d4 44. fxe5+ Rcxe5 45. Rxd4+ Kc6
46. Qd3 R8e6 47. Rd8 Rxe4 48. Qd5+ Kc7 49. Rd7+ 1-0

[Event "WA Class Championship"]
[Site "Lynnwood, WA"]
[Date "????.??.??"]
[Round "5"]
[White "Campbell, Tim"]
[Black "Baxter, Brent"]
[Result "0-1"]
[WhiteElo "1757"]
[BlackElo "1928"]
[PlyCount "110"]
[SourceDate "2017.11.29"]
[SourceVersionDate "2017.11.29"]

1. e4 d5 2. exd5 Qxd5 3. Nf3 Bg4 4. Nc3 Qd6 5. h3 Bh5 6. d4 Nf6 7. Bg5 c6 8.
Bxf6 exf6 9. g4 Bg6 10. d5 Be7 11. Qe2 O-O 12. O-O-O Re8 13. dxc6 Qf4+ 14. Kb1
Nxc6 15. Nd5 Qa4 16. Nc3 Qa5 17. Rd7 Bb4 18. Qc4 Bxc3 19. Qxc3 Qxc3 20. bxc3
Be4 21. Bg2 Bxf3 22. Bxf3 Ne5 23. Rd3 Nxd3 24. cxd3 Rac8 25. Kc2 b6 26. d4 Rc7
27. Kd3 Rec8 28. Rc1 b5 29. Bd5 Kf8 30. Bb3 Ke7 31. a4 a6 32. axb5 axb5 33. Rc2
Kd6 34. Ba2 Ra8 35. Bb3 Ra3 36. Rb2 Ra8 37. Rc2 Ra1 38. Re2 Rc1 39. Bc2 h6 40.
Re8 Rh1 41. Re3 Ra7 42. Bb3 Ra3 43. Bxf7 b4 44. Kc2 Rxc3+ 45. Rxc3 bxc3 46.
Kxc3 Rxh3+ 47. Kd2 Rf3 48. d5 Rxf2+ 49. Ke3 Rf1 50. Ke4 Re1+ 51. Kf5 Re5+ 52.
Kf4 Rg5 53. Be6 h5 54. gxh5 Rxh5 55. Ke4 Re5+ 0-1

[Event "WA Class Championship"]
[Site "Lynnwood, WA"]
[Date "2017.11.29"]
[Round "5"]
[White "Olson, Travis"]
[Black "Farny, Andreas"]
[Result "1-0"]
[WhiteElo "1895"]
[BlackElo "1808"]
[PlyCount "93"]
[EventDate "2017.??.??"]
[SourceDate "2017.11.29"]
[SourceVersionDate "2017.11.29"]

1. d4 Nf6 2. Nf3 c5 3. d5 e6 4. c4 exd5 5. cxd5 d6 6. Nc3 Bf5 7. h3 h6 8. Qb3
Qc8 9. Bf4 Na6 10. e3 Nc7 11. Rd1 Be7 12. Bd3 Bd7 13. O-O O-O 14. a4 Rb8 15.
Bb5 b6 16. e4 a6 17. Bxd7 Qxd7 18. e5 Nfe8 19. Rfe1 b5 20. exd6 Bxd6 21. Bxd6
Qxd6 22. Ne4 Qb6 23. a5 Qxa5 24. Nxc5 Nf6 25. d6 Na8 26. Re7 Qb6 27. Nd7 Nxd7
28. Rxd7 Rb7 29. Ne5 Kh7 30. Qd3+ Kg8 31. Qd5 Ra7 32. Rxa7 Qxa7 33. d7 Nc7 34.
d8=Q Nxd5 35. Qxd5 Qc7 36. Qd6 Qc2 37. Rd2 Qa4 38. Nd7 Re8 39. Kh2 a5 40. Rd4
Qc2 41. Rg4 Kh7 42. Qd4 Qc7+ 43. Rg3 f6 44. Qg4 Re7 45. Nxf6+ Kh8 46. Qg6 gxf6
47. Qg8# 1-0

[Event "WA Class Championship"]
[Site "Lynnwood, WA"]
[Date "????.??.??"]
[Round "5"]
[White "Buchignani, Paul"]
[Black "Lawler, Aidan"]
[Result "1/2-1/2"]
[WhiteElo "1378"]
[BlackElo "1465"]
[PlyCount "114"]
[SourceDate "2017.11.29"]
[SourceVersionDate "2017.11.29"]

1. e4 e5 2. Nf3 Nc6 3. d4 exd4 4. Bc4 Be7 5. c3 Nf6 6. e5 Ng4 7. cxd4 d6 8. h3
d5 9. Bb5 Nh6 10. Nc3 Bb4 11. O-O Nf5 12. a3 Bxc3 13. bxc3 O-O 14. Re1 Nce7 15.
Bg5 c6 16. Bd3 h6 17. Bd2 Ng6 18. Qc2 Nfe7 19. Rab1 b6 20. Qc1 Be6 21. g4 Qd7
22. Nh2 f6 23. f4 f5 24. Qc2 Nh4 25. Be2 Neg6 26. Rf1 Rf7 27. Rf2 Raf8 28. Rbf1
Qe7 29. Qc1 Rc8 30. Qb2 c5 31. Kh1 c4 32. Rg1 Kh8 33. g5 Rg8 34. Nf3 Nxf3 35.
Bxf3 Nh4 36. g6 Rff8 37. Bh5 Bd7 38. Rff1 Rc8 39. Ra1 Be8 40. Be1 Rc6 41. Qb4
Qd8 42. Qb1 Rf8 43. Qc2 Qe7 44. Qd2 Nxg6 45. Qe3 Nh4 46. Bxe8 Rxe8 47. Qg3 Ng6
48. h4 Rg8 49. Ra2 Nf8 50. a4 Rg6 51. Qh3 Rxg1+ 52. Kxg1 Qf7 53. a5 b5 54. a6
Qh5 55. Rb2 Qg6+ 56. Kh2 Qxa6 57. Qxf5 Qa1 1/2-1/2

[Event "WA Class Championship"]
[Site "Lynnwood, WA"]
[Date "????.??.??"]
[Round "6"]
[White "Perez, Ignacio"]
[Black "Sinanan, Joshua"]
[Result "1/2-1/2"]
[WhiteElo "2224"]
[BlackElo "2281"]
[PlyCount "34"]
[SourceDate "2017.11.29"]
[SourceVersionDate "2017.11.29"]

1. e4 Nf6 2. e5 Nd5 3. c4 Nb6 4. c5 Nd5 5. Nc3 e6 6. d4 Nxc3 7. bxc3 d6 8. Nf3
dxc5 9. Bd3 Be7 10. O-O Bd7 11. Qe2 cxd4 12. Nxd4 c5 13. Nb5 Bc6 14. Rd1 Nd7
15. Bf4 a6 16. Nd6+ Bxd6 17. exd6 Qf6 1/2-1/2

[Event "WA Class Championship"]
[Site "Lynnwood, WA"]
[Date "????.??.??"]
[Round "6"]
[White "Toppen-Ryan, Harrison"]
[Black "Xiao, Allison"]
[Result "0-1"]
[WhiteElo "1526"]
[BlackElo "1447"]
[PlyCount "40"]
[SourceDate "2017.11.29"]
[SourceVersionDate "2017.11.29"]

1. d4 d5 2. c4 e6 3. g3 Nf6 4. Bg2 c6 5. Nf3 Bd6 6. O-O O-O 7. Nbd2 Nbd7 8. Qc2
Re8 9. e4 dxe4 10. Nxe4 Nxe4 11. Qxe4 e5 12. Qc2 h6 13. dxe5 Nxe5 14. Rd1 Qf6
15. Nd4 Bc5 16. Qc3 Bg4 17. Rf1 Bxd4 18. Qxd4 Nf3+ 19. Bxf3 Qxd4 20. Be3 Qxc4
0-1

[Event "WA Class Championship"]
[Site "Lynnwood, WA"]
[Date "????.??.??"]
[Round "5"]
[White "LeBlanc, Paul"]
[Black "Du, Shuhan"]
[Result "1-0"]
[WhiteElo "1864"]
[BlackElo "1849"]
[PlyCount "113"]
[SourceDate "2017.11.30"]
[SourceVersionDate "2017.11.30"]

1. d4 Nf6 2. c4 e6 3. Nf3 b6 4. g3 Bb7 5. Bg2 Bb4+ 6. Bd2 Qe7 7. O-O Bxd2 8.
Nbxd2 c5 9. e4 Nxe4 10. Ne5 Nd6 11. Bxb7 Nxb7 12. Qf3 d6 13. Nc6 Nxc6 14. Qxc6+
Qd7 15. Qxd7+ Kxd7 16. dxc5 dxc5 17. Nf3 Ke7 18. Rad1 f6 19. Rd2 Rad8 20. Re2
Nd6 21. Rfe1 e5 22. Nd2 g5 23. f4 Nf7 24. fxe5 f5 25. Nf3 Ke6 26. Kg2 Rd3 27.
h3 h5 28. h4 g4 29. Nd2 Rhd8 30. Nf1 Rd1 31. Rxd1 Rxd1 32. Ne3 Rd7 33. Nd5 Nxe5
34. Nf4+ Kd6 35. Rd2+ Kc6 36. Rxd7 Kxd7 37. b3 Ke7 38. Kf2 Nc6 39. Ke3 Nb4 40.
Nxh5 Nxa2 41. Kd2 Nb4 42. Nf4 Nc6 43. Kc3 Kf7 44. Nd5 Nd4 45. Nf4 Ne6 46. Ne2
Kf6 47. Kd3 Ke5 48. Kc3 f4 49. gxf4+ Nxf4 50. Ng3 a5 51. Kd2 Ne6 52. h5 Kf6 53.
Kd3 Kg5 54. Ke4 Ng7 55. h6 Kxh6 56. Kd5 Kg5 57. Kc6 1-0

[Event "WA Class Championship"]
[Site "Lynnwood, WA"]
[Date "????.??.??"]
[Round "6"]
[White "Hendricks, David"]
[Black "Tien, Andy"]
[Result "1/2-1/2"]
[WhiteElo "1650"]
[BlackElo "1471"]
[PlyCount "80"]
[SourceDate "2017.11.30"]
[SourceVersionDate "2017.11.30"]

1. d4 d5 2. Bf4 Nf6 3. e3 c5 4. c3 Nc6 5. Bd3 Qb6 6. Qc1 Bg4 7. h3 Bh5 8. Nd2
e6 9. Ngf3 Be7 10. O-O h6 11. Ne5 O-O 12. g4 Nxe5 13. dxe5 Nxg4 14. hxg4 Bxg4
15. Kh2 f6 16. Rg1 Bh5 17. Bxh6 Rf7 18. Qf1 fxe5 19. Rxg7+ Rxg7 20. Bxg7 Kxg7
21. Qh3 e4 22. Rg1+ Kh6 23. Be2 Qd6+ 24. Kh1 Qe5 25. Nf1 Qf5 26. Qh2 Bd6 27.
Ng3 Bxg3 28. Rxg3 Rh8 29. Bxh5 Qxh5 30. Rh3 Qxh3 31. Qxh3+ Kg7 32. Qxh8+ Kxh8
33. Kg2 Kg7 34. Kg3 Kf6 35. b3 Kf5 36. a4 e5 37. f3 exf3 38. Kxf3 a5 39. e4+
dxe4+ 40. Ke3 c4 1/2-1/2

[Event "WA Class Championship"]
[Site "Lynnwood, WA"]
[Date "????.??.??"]
[Round "6"]
[White "Farny, Andrea"]
[Black "Velea, Sophie"]
[Result "0-1"]
[WhiteElo "1808"]
[BlackElo "1708"]
[PlyCount "102"]
[SourceDate "2017.11.30"]
[SourceVersionDate "2017.11.30"]

1. e4 c5 2. Nf3 d6 3. d4 cxd4 4. Nxd4 Nf6 5. Nc3 g6 6. Be3 Bg7 7. f3 O-O 8. Bc4
Nc6 9. Qd2 Bd7 10. O-O-O Rc8 11. Bb3 Nxd4 12. Bxd4 b5 13. h4 a5 14. a3 b4 15.
axb4 axb4 16. Nd5 Nxd5 17. Bxd5 Qa5 18. Kb1 Ra8 19. Bxa8 Rxa8 20. c4 Qa2+ 21.
Kc1 Qxc4+ 22. Kb1 Qa2+ 23. Kc2 Ba4+ 24. Kd3 Bxd1 25. Rxd1 Qa6+ 26. Kc2 Rc8+ 27.
Bc3 bxc3 28. bxc3 Qa4+ 29. Kd3 Rxc3+ 30. Ke2 Rc2 31. Qxc2 Qxc2+ 32. Rd2 Qc4+
33. Kf2 Bf6 34. g3 e6 35. Kg2 d5 36. exd5 exd5 37. Rf2 d4 38. Kh3 d3 39. g4 Qc2
40. Rf1 d2 41. g5 d1=Q 42. Rxd1 Qxd1 43. Kg3 Be5+ 44. f4 Qd3+ 45. Kf2 Bxf4 46.
h5 Qe3+ 47. Kg2 Qg3+ 48. Kf1 Qh2 49. Ke1 Qg2 50. h6 Kf8 51. Kd1 Qd2# 0-1

[Event "WA Class Championship"]
[Site "Lynnwood, WA"]
[Date "????.??.??"]
[Round "6"]
[White "Chen, Minda"]
[Black "Baxter, Brent"]
[Result "0-1"]
[WhiteElo "1837"]
[BlackElo "1928"]
[PlyCount "42"]
[SourceDate "2017.11.30"]
[SourceVersionDate "2017.11.30"]

1. d4 Nf6 2. c4 e6 3. Nc3 Bb4 4. Qc2 c5 5. dxc5 Nc6 6. Nf3 Bxc5 7. a3 O-O 8. b4
Nd4 9. Nxd4 Bxd4 10. e3 Bxc3+ 11. Qxc3 b6 12. Bb2 Bb7 13. Be2 Qc7 14. O-O Rac8
15. Rac1 Rfd8 16. f4 d5 17. f5 Qe7 18. Qe5 dxc4 19. Bxc4 Rd2 20. Rf2 Rxf2 21.
Kxf2 Ng4+ 0-1

[Event "WA Class Championship"]
[Site "Lynnwood, WA"]
[Date "????.??.??"]
[Round "6"]
[White "Feng, Roland"]
[Black "Yu, Jason"]
[Result "1-0"]
[WhiteElo "2471"]
[BlackElo "2130"]
[PlyCount "57"]
[SourceDate "2017.11.30"]
[SourceVersionDate "2017.11.30"]

1. d4 d5 2. c4 e6 3. Nc3 Be7 4. cxd5 exd5 5. Bf4 Nf6 6. Qc2 c6 7. e3 O-O 8. Bd3
Be6 9. Nge2 Nbd7 10. O-O h6 11. h3 Ne8 12. Bh2 Ndf6 13. Nf4 Bc8 14. Rad1 Nd6
15. f3 a6 16. Kh1 Nb5 17. Nb1 Re8 18. a4 Nc7 19. Nc3 Ne6 20. Nxe6 Bxe6 21. e4
Qb6 22. e5 Nd7 23. f4 Nf8 24. f5 Bd7 25. f6 Bd8 26. Qf2 Be6 27. Qg3 g5 28. h4
Nh7 29. hxg5 1-0

[Event "WA Class Championship"]
[Site "Lynnwood, WA"]
[Date "????.??.??"]
[Round "6"]
[White "Fagundes, Frank"]
[Black "Zhang, Jason"]
[Result "1-0"]
[WhiteElo "1722"]
[BlackElo "1672"]
[PlyCount "79"]
[SourceDate "2017.11.30"]
[SourceVersionDate "2017.11.30"]

1. Nf3 d5 2. c4 c6 3. e3 e6 4. Nc3 Bd6 5. e4 Bb4 6. Qb3 Bxc3 7. Qxc3 Nf6 8. e5
Nfd7 9. d4 c5 10. cxd5 cxd4 11. Qxd4 Qa5+ 12. Bd2 Qxd5 13. Qxd5 exd5 14. Bb4
Nc6 15. Bd6 Nb6 16. Rc1 Bg4 17. Bb5 Bxf3 18. gxf3 Kd7 19. Rg1 Rhg8 20. Bf1 Rae8
21. Bh3+ Kd8 22. f4 Nc4 23. Kf1 h6 24. b3 Nd2+ 25. Ke2 Ne4 26. Ba3 g5 27. f3
Nf6 28. Kf2 Nd7 29. Rgd1 Nb6 30. Bd6 gxf4 31. a4 d4 32. b4 Nxa4 33. b5 Nc3 34.
Rxc3 dxc3 35. bxc6 bxc6 36. Rb1 Re6 37. Rb8+ Kd7 38. Bxe6+ fxe6 39. Rxg8 c2 40.
Rg1 1-0

[Event "WA Class Championship"]
[Site "Lynnwood, WA"]
[Date "????.??.??"]
[Round "6"]
[White "Deshpande, Yajat"]
[Black "Henderson, Doug"]
[Result "1-0"]
[WhiteElo "513"]
[BlackElo "787"]
[PlyCount "69"]
[SourceDate "2017.11.30"]
[SourceVersionDate "2017.11.30"]

1. e4 e6 2. d4 d5 3. Nc3 Nf6 4. e5 Nfd7 5. f4 c5 6. Nf3 Be7 7. Be3 O-O 8. Be2
b6 9. O-O Ba6 10. Bxa6 Nxa6 11. a3 cxd4 12. Bxd4 f6 13. Rc1 fxe5 14. fxe5 Bc5
15. b4 Bxd4+ 16. Qxd4 Rc8 17. Ne2 Rc4 18. Qa1 Qc7 19. Ned4 Re8 20. Nb5 Qc6 21.
Nd6 Rc8 22. Nxc8 Qxc8 23. Qa2 Nxb4 24. axb4 Rxb4 25. Qxa7 Rb2 26. Rfe1 Qc5+ 27.
Kf1 Rxc2 28. Rxc2 Qxc2 29. Qxd7 Qc4+ 30. Re2 Qc1+ 31. Ne1 Qf4+ 32. Rf2 Qf8 33.
Rxf8+ Kxf8 34. Qxe6 d4 35. Qxb6 1-0

[Event "WA Class Championship"]
[Site "Lynnwood, WA"]
[Date "????.??.??"]
[Round "6"]
[White "Holloran, William"]
[Black "Watts, Peter"]
[Result "0-1"]
[WhiteElo "1847"]
[BlackElo "1990"]
[PlyCount "98"]
[SourceDate "2017.11.30"]
[SourceVersionDate "2017.11.30"]

1. d4 d6 2. e4 Nf6 3. Nc3 g6 4. f4 Bg7 5. Nf3 O-O 6. Bd3 c5 7. d5 e6 8. dxe6
Bxe6 9. f5 Bd7 10. O-O Bc6 11. Qe1 Re8 12. Qh4 Nbd7 13. fxg6 hxg6 14. Bc4 Nb6
15. Bxf7+ Kxf7 16. Ng5+ Ke7 17. Nh7 Nbd7 18. Bg5 Rh8 19. Rf2 Rxh7 20. Qxh7 Qh8
21. Qxg6 Ne5 22. Qf5 Rf8 23. Nd5+ Bxd5 24. exd5 Kd8 25. Qe6 Kc7 26. Qe7+ Nfd7
27. Rxf8 Qxf8 28. Qxf8 Nxf8 29. Rf1 Nh7 30. Bh4 Nf8 31. Bf6 Bxf6 32. Rxf6 Nfg6
33. g3 Kd7 34. Kg2 Ke7 35. Rf2 Ng4 36. Re2+ N6e5 37. h3 Nf6 38. c4 Kf7 39. b3
Kg6 40. g4 Kg5 41. Kg3 a5 42. Re1 a4 43. bxa4 Nxc4 44. Re6 Kg6 45. h4 Kf7 46.
h5 Nxd5 47. h6 Nf6 48. g5 Kxe6 49. g6 Ne5 0-1

[Event "WA Class Championship"]
[Site "Lynnwood, WA"]
[Date "????.??.??"]
[Round "6"]
[White "Haining, Kyle"]
[Black "Zhang, Eric"]
[Result "1-0"]
[WhiteElo "2258"]
[BlackElo "2034"]
[PlyCount "134"]
[SourceDate "2017.12.10"]
[SourceVersionDate "2017.12.10"]

1. g3 d5 2. Bg2 c6 3. Nf3 Nf6 4. O-O Bf5 5. d4 e6 6. c4 Be7 7. Nc3 h6 8. b3
Nbd7 9. Bb2 O-O 10. Rc1 Ne4 11. Nd2 Nxd2 12. Qxd2 Nf6 13. f3 c5 14. cxd5 exd5
15. Kh1 Re8 16. Rfd1 b6 17. Qf4 Be6 18. e4 g5 19. Qd2 cxd4 20. Nxd5 Bxd5 21.
exd5 Nxd5 22. Bxd4 Rc8 23. f4 Rxc1 24. Qxc1 Qc7 25. Qb1 Nc3 26. Qc2 Nb5 27.
Qxc7 Nxc7 28. Be5 Rd8 29. Rxd8+ Bxd8 30. f5 f6 31. Bd6 Nb5 32. Bd5+ Kg7 33. Bb4
a5 34. Bd2 Bc7 35. Kg2 Be5 36. Be3 Nc3 37. Be6 Bc7 38. a4 Na2 39. Kf3 Nb4 40.
Bd4 Nc6 41. Bf2 Ne5+ 42. Ke4 Kf8 43. Kd5 Ke7 44. h3 Ke8 45. Bd4 Ke7 46. Bc3 Bd6
47. Bd4 Bc7 48. g4 Ke8 49. Bc3 Ke7 50. b4 axb4 51. Bxb4+ Ke8 52. Bd6 Bd8 53.
Bb8 Ke7 54. Bd6+ Ke8 55. Bc8 Kf7 56. Bb8 Nd3 57. Kc6 Nb2 58. Bd6 Be7 59. Be6+
Ke8 60. Bb3 Bd8 61. Bc7 Bxc7 62. Kxc7 Ke7 63. Kxb6 Nxa4+ 64. Bxa4 Kd6 65. Be8
Ke7 66. Bg6 Kd6 67. Bh5 Ke5 1-0